<?xml version="1.0" encoding="UTF-8"?>
<record
    xmlns:xsi="http://www.w3.org/2001/XMLSchema-instance"
    xsi:schemaLocation="http://www.loc.gov/MARC21/slim http://www.loc.gov/standards/marcxml/schema/MARC21slim.xsd"
    xmlns="http://www.loc.gov/MARC21/slim">

  <leader>00200nam a2200085   4500</leader>
  <controlfield tag="001">1255751</controlfield>
  <controlfield tag="005">20251212114215.0</controlfield>
  <datafield tag="245" ind1=" " ind2=" ">
    <subfield code="a">HEYECAN B&#x130;Z&#x130;M &#x130;&#x15E;&#x130;M&#x130;Z</subfield>
    <subfield code="c">DAN&#x130; O. HAGER</subfield>
  </datafield>
  <datafield tag="260" ind1=" " ind2=" ">
    <subfield code="b">PANAMA YAYINLARI</subfield>
  </datafield>
  <datafield tag="999" ind1=" " ind2=" ">
    <subfield code="c">1255751</subfield>
    <subfield code="d">1255751</subfield>
  </datafield>
  <datafield tag="952" ind1=" " ind2=" ">
    <subfield code="0">0</subfield>
    <subfield code="1">0</subfield>
    <subfield code="2">ddc</subfield>
    <subfield code="4">0</subfield>
    <subfield code="7">0</subfield>
    <subfield code="a">1054</subfield>
    <subfield code="b">1054</subfield>
    <subfield code="d">2025-12-12</subfield>
    <subfield code="l">1</subfield>
    <subfield code="o">P2</subfield>
    <subfield code="p">10544134</subfield>
    <subfield code="r">2026-03-09 11:47:36</subfield>
    <subfield code="s">2026-02-18</subfield>
    <subfield code="w">2025-12-12</subfield>
    <subfield code="y">BK</subfield>
  </datafield>
</record>
